The global political economy in the 1980's : (Record no. 43927)

MARC details
000 -LEADER
campo de control de longitud fija 00591nam a2200181 4500
001 - NÚMERO DE CONTROL
campo de control 20447
005 - FECHA Y HORA DE LA ÚLTIMA TRANSACCIÓN
campo de control 20230410115556.0
008 - DATOS DE LONGITUD FIJA--INFORMACIÓN GENERAL
campo de control de longitud fija 060907n1982 dr spa
020 ## - NÚMERO INTERNACIONAL ESTÁNDAR DEL LIBRO
Número Internacional Estándar del Libro 0870732366
035 ## - NÚMERO DE CONTROL DEL SISTEMA
-- funglode20599
041 ## - CÓDIGO DE IDIOMA
Código de lengua del texto/banda sonora o título independiente EN
050 14 - SIGNATURA TOPOGRÁFICA DE LA BIBLIOTECA DEL CONGRESO
Número de clasificación HF 1411 G562 1982
245 04 - MENCIÓN DEL TÍTULO
Título The global political economy in the 1980's :
Resto del título the impact of the new international economic order /
Mención de responsabilidad, etc. edited by Michael Stohl, Harry R. Targ.
260 ## - PUBLICACIÓN, DISTRIBUCIÓN, ETC.
Lugar de publicación, distribución, etc. Cambridge :
Nombre del editor, distribuidor, etc. Schenkman Publishing Company,
Fecha de publicación, distribución, etc. 1982
300 ## - DESCRIPCIÓN FÍSICA
Extensión x, 408 p.
700 ## - ENTRADA AGREGADA--NOMBRE PERSONAL
Nombre de persona Stohl, Michael \ Targ, Harry R.
942 ## - ELEMENTOS DE ENTRADA SECUNDARIOS (KOHA)
Fuente del sistema de clasificación o colocación Clasificación de Library of Congress
Tipo de ítem Koha
Holdings
Estatus retirado Estado de pérdida Fuente del sistema de clasificación o colocación Estado de daño No para préstamo Colección Biblioteca de origen Biblioteca actual Ubicación en estantería Fecha de adquisición Serial enumeration / chronology Signatura topográfica completa Código de barras Visto por última vez Tipo de ítem Koha
    Clasificación de Library of Congress     Ciencias Sociales Biblioteca Juan Bosch Biblioteca Juan Bosch Ciencias Sociales (3er. Piso) 24/10/2018 1 HF 1411 G562 1982 00000019757 24/10/2018